| 000 | 00000nam##2200000za#4500 |
| 001 | 9.698350 |
| 003 | CaOODSP |
| 005 | 20210624235904 |
| 007 | cr ||||||||||| |
| 008 | 150407|2005||||xxc|||||o f|0| 0 eng|d |
| 040 | |aCaOODSP|beng |
| 043 | |an-cn--- |
| 086 | 1 |aH46-2/05-430E-PDF |
| 110 | 1 |aCanada. |bHealth Canada. |bHealthy Environments and Consumer Safety Branch. |
| 245 | 10|aAddressing psychosocial factors through capacity building : |h[electronic resource]|ba guide for managers of contaminated sites / |cdeveloped by the Contaminated Sites Program. |
| 260 | |aOttawa - Ontario : |bHealth Canada. |cc2005. |
| 300 | |a24p.|breferences, table |
| 500 | |a"This guide will provide an introduction to understanding the psychosocial affects of individuals living and working near a contaminated site. In addition, this document will outline the community capacity approach to addressing these issues and provide strategies for building a successful public involvement plan. This guide has been designed to work in conjunction with the Health Canada guidance document, Improving Stakeholder Relationships: Public Involvement and Contaminated Sites."--Page 3 of 24, Foreword. The catalogue number (H46-2/05-430E) and ISBN (0-662-40894-2) for the print edition have been incorrectly copied in this electronic publication. |
| 590 | |a13-19-Supp|b2013-08-14 |
| 690 | 07|aPollution control|2gcpds |
| 775 | 08|tAborder les facteurs psychosociaux à l'aide d'une approche axée sur le renforcement des capacités : |w(CaOODSP)9.642363 |
| 856 | 40|ahttp://publications.gc.ca|qPDF|s323 KB|uhttps://publications.gc.ca/collections/collection_2013/sc-hc/H46-2-05-430-eng.pdf |